Valtiot, joissa on eniten italiaa puhuvia - Statistics

Yleistilastot
  • Tätä visaa on pelattu 2 275 kertaa
  • Keskiarvotulos 8 / 12
Vastaustilastot
# Puhujia % Valtio % Oikein
58,2 milj. 98 % Italia
100%
3,23 milj. 5,1 % Ranska
89%
1,13 milj. 2,4 % Espanja
86%
2,53 milj. 3,2 % Saksa
83%
1,28 milj. 15,5 % Sveitsi
82%
3,28 milj. 1,2 % Yhdysvallat
82%
790 t. 9,4 % Itävalta
72%
1,34 milj. 2,1 % Yhdistynyt kuningaskunta
63%
4,05 milj. 2,1 % Brasilia
54%
1,36 milj. 3,5 % Argentiina
45%
799 t. 28 % Albania
27%
1,49 milj. 7,4 % Romania
26%
Ehtoja vastaavia visoja ei löytynyt
Tulosjakauma
Jokaisen tuloksen saaneiden osuus
Persentiili vastausten määrän mukaan
Tuloshistoriasi
Et ole pelannut tätä visaa